| 000 | 00449 a2200169 4500 | ||
|---|---|---|---|
| 020 | _a0-321-22322-5 | ||
| 020 | _a0-201-75609-9 | ||
| 040 |
_aDLC _bDLC |
||
| 082 | _a515.9 | ||
| 100 | 1 | _aWunsch, A. David | |
| 245 | 0 | 0 |
_aComplex variables with applications _cA. David Wunsch |
| 250 | _a3. ed. | ||
| 260 |
_aBoston, Mass. : _bPearson, _ccop. 2005 |
||
| 300 |
_a677 s. _bill. |
||
| 650 | 0 | _aFunctions of complex variables | |
| 942 |
_cBK _k515.9 WUN _2ddc |
||
| 999 |
_c7615 _d7615 |
||